00803nam a22002177a 450000100060000000300080000600500170001400800410003103500190007204000350009104100080012608200250013410000190015924501150017826000680029330000370036150200740039850400340047265000480050670000310055480850BD-RjUL20230404120544.0221127s1995 bg a|||| m||| 00| 0 eng d a(BD-RjUL)80850 aBD-RjULbengcBD-RjULdBD-RjUL aeng 223a571.86bZAV 1995 aAther-Uz-Zaman10aIn vitro propagation and somatic embryogenesis of morus Sp. /cBy Ather-Uz-Zaman ;6Supervisor : O. I. Joarder aRajshahi :bDepartment of Botany, University of Rajshahi,c1995 avi, 213 leaves :bill, ;c29.cm. aThesis (Ph. D.) -- Department of Botany, University of Rajshahi, 1995 aReferences : Leaves 190 - 213 aEmbryologyvPhysiology and related subjects aJoarder, O. I. Supervisor